History's greatest events : (Record no. 1430)
[ view plain ]
| 000 -LEADER | |
|---|---|
| fixed length control field | 02821cam a2200277 a 4500 |
| 005 - DATE AND TIME OF LATEST TRANSACTION | |
| control field | 20230824161354.0 |
| 020 ## - INTERNATIONAL STANDARD BOOK NUMBER | |
| International Standard Book Number | 9781603201629 |
| 020 ## - INTERNATIONAL STANDARD BOOK NUMBER | |
| International Standard Book Number | 1603201629 |
| 040 ## - CATALOGING SOURCE | |
| Original cataloging agency | BTCTA |
| Language of cataloging | eng |
| Transcribing agency | BTCTA |
| Modifying agency | BKL |
| -- | QBX |
| -- | IHI |
| -- | YDXCP |
| -- | DLC |
| 050 00 - LIBRARY OF CONGRESS CALL NUMBER | |
| Classification number | D23 |
| Item number | .H535 2010 |
| 082 04 - DEWEY DECIMAL CLASSIFICATION NUMBER | |
| Classification number | 909 |
| Edition number | 22 |
| 100 ## - MAIN ENTRY--PERSONAL NAME | |
| Personal name | Knauer, Kelly |
| 245 00 - TITLE STATEMENT | |
| Title | History's greatest events : |
| Remainder of title | 100 turning points that changed the world : an illustrated journey / |
| Statement of responsibility, etc. | [editor Kelly Knauer]. |
| 246 3# - VARYING FORM OF TITLE | |
| Title proper/short title | Time history's greatest events |
| 260 ## - PUBLICATION, DISTRIBUTION, ETC. | |
| Place of publication, distribution, etc. | New York : |
| Name of publisher, distributor, etc. | Time Home Entertainment, |
| Date of publication, distribution, etc. | 2010. |
| 300 ## - PHYSICAL DESCRIPTION | |
| Extent | vi, 154 pages : |
| Other physical details | color illustrations, maps ; |
| Dimensions | 31 cm |
| 500 ## - GENERAL NOTE | |
| General note | Includes index. |
| 520 ## - SUMMARY, ETC. | |
| Summary, etc. | Join the editors of TIME in a fast-paced journey through the adventures of man on Planet Earth in this richly illustrated volume, which explores history's most important turning points. Here are the great religions: Buddhism, Christianity and Islam. Here are the great empires, from the vanished civilization of the Minoans on Crete to the glories of Classical Greece and Rome to the mysterious collapse of the Maya culture in Mexico. Here are the visionary scientists who altered our view of nature's laws: Newton and Darwin, Copernicus and Einstein. Here are the great conquerors,including Alexander the Great, Julius Caesar, Genghis Khan and Napoleon. And here are the great clashes between cultures, as Christian knights besiege Muslim citadels in the Crusades, a handful of Spanish conquistadors topple the empires of the Aztecs and Incas, and Japan attacks the U.S. naval base at Pearl Harbor. The book is arranged chronologically, rapidly accelerating in pace as it reports the development of the technologies that define the modern world, from the coming of the railroad and the telegraph to the advent of photography, the cinema and television and culminating in the invention of the transistor and the boot-up of the World Wide Web. And it offers fresh perspectives on cultures too often overlooked, from the Golden Age of Islam to the voyages of Viking mariners to China's renascence under the Ming dynasty. Presented in a special oversized format, this beautifully illustrated volume also offers a sweeping panorama of man's greatest artistic achievements, from the cave paintings of Lascaux to marvelous medieval maps and on to the great paintings and sculptures of the Renaissance. As an illuminating guide to mankind's triumphs and sorrows, and as a gallery of human culture, science, art and architecture, it offers a dazzling and provocative encounter with the great turning points of history. |
| 650 #0 - SUBJECT ADDED ENTRY--TOPICAL TERM | |
| Topical term or geographic name entry element | History |
| Form subdivision | Miscellanea. |
| 650 #0 - SUBJECT ADDED ENTRY--TOPICAL TERM | |
| Topical term or geographic name entry element | History |
| Form subdivision | Popular works. |
| 700 1# - ADDED ENTRY--PERSONAL NAME | |
| Personal name | Knauer, Kelly. |
| 906 ## - LOCAL DATA ELEMENT F, LDF (RLIN) | |
| a | 7 |
| b | cbc |
| c | copycat |
| d | 2 |
| e | epcn |
| f | 20 |
| g | y-gencatlg |
| 942 ## - ADDED ENTRY ELEMENTS (KOHA) | |
| Source of classification or shelving scheme | Dewey Decimal Classification |
| Koha item type | Books |
| Suppress in OPAC | No |
| 999 ## - | |
| -- | 1430 |
| -- | 1430 |
| Withdrawn status | Lost status | Source of classification or shelving scheme | Damaged status | Not for loan | Collection | Home library | Current library | Shelving location | Date acquired | Total Checkouts | Full call number | Barcode | Date last seen | Date last checked out | Price effective from | Koha item type |
|---|---|---|---|---|---|---|---|---|---|---|---|---|---|---|---|---|
| Dewey Decimal Classification | Non-Fiction | Footprints International School Library Network Toul Kork Campus | Footprints International School Library Network Toul Kork Campus | 08/24/2023 | 1 | KNA 909 D23.H535 | 2023-0346 | 09/25/2023 | 09/22/2023 | 08/24/2023 | Books |
